Návod k obsluze vesmírné lodi Země /

Salvato in:
Dettagli Bibliografici
Autore principale: Fuller, Richard Buckminster (Autore)
Natura: Libro
Lingua:ceco
Pubblicazione: Praha : Umprum, 2022
Edizione:1. vydanie
Serie:Edice katedra, 7.
Soggetti:
Tags: Aggiungi Tag
Nessun Tag, puoi essere il primo ad aggiungerne!!

MARC

LEADER 00000nam a22000003a 4500
001 0095944
003 SK-STU
005 20220627154851.2
007 ta
008 220627s ----xo-----e------000-0-----d
020 |a 978-80-88308-59-1 
040 |a STU  |b slo 
041 0 |a cze 
044 |a xr 
100 1 |a Fuller, Richard Buckminster  |4 aut 
245 1 0 |a Návod k obsluze vesmírné lodi Země /  |c aut. Richard Buckminster Fuller 
250 |a 1. vydanie 
260 |a Praha :  |b Umprum,  |c 2022 
300 |a 96 s. 
490 0 |a Edice katedra,  |v 7.  
650 0 7 |a architektonické navrhovanie 
650 0 7 |a vízie a scenáre 
650 0 7 |a automatizácia 
650 0 7 |a synergia 
650 0 7 |a ľudská spoločnosť 
650 0 7 |a urbanizovaná krajina 
996 |b 284AU09371  |c A* 12684/U  |l AAKNST  |s P  |a 0  |w 0095944_0001 
996 |b 284AU09372  |c A* 12685/U  |l AAKNAR  |s A  |a 24  |w 0095944_0002